LIBRARY & INFORMATION CENTRE, KCAET, TAVANUR

ONLINE PUBLIC ACCESS CATALOGUE (OPAC)

Making of the Indian Nation / (Record no. 698)

MARC details
000 -LEADER
fixed length control field 00464cam a2200193ua 4500
041 ## - LANGUAGE CODE
Language code of text/sound track or separate title eng
082 ## - DEWEY DECIMAL CLASSIFICATION NUMBER
Classification number 954.03
Item number GOK/MA
100 ## - MAIN ENTRY--AUTHOR NAME
Personal name Gokhale, B.G .
245 ## - TITLE STATEMENT
Title Making of the Indian Nation /
250 ## - EDITION STATEMENT
Edition statement 2 /
260 ## - PUBLICATION, DISTRIBUTION, ETC. (IMPRINT)
Place of publication Mumbai :
Name of publisher Asia Publishing House ,
Year of publication 1960.
300 ## - PHYSICAL DESCRIPTION
Number of Pages 379 ; .
942 ## - ADDED ENTRY ELEMENTS (KOHA)
Koha item type Books
Holdings
Withdrawn status Lost status Damaged status Home library Current library Date acquired Full call number Accession Number Koha item type Public note
Withdrawn     KAUAET KAUAET 07/04/2012 954.03 4907 Books Deleted
Withdrawn     KAUAET Malayalam University 07/04/2012 954.03 2639 Books  
free website counter